00756 2200241 4500001002100000005001700021008004100038035002400079082001300103090001800116245008200134250001100216260012500227300002300352500003100375650002200406700001600428700001900444850001500463980001500478985000600493999001500499YOGYA-0209000003575320090227025040.0 ind  0010-020900000035753 a992.1221 a992.1221bSej aSejarah sosial daerah kota Bengkulucpenyunting, A.B. lapian, Soewadji Sjafei aCet. 1 aJakartabDepdikbud. Direktorat Sejarah dan Nilai Tradisional Proyek Inventarisasi dan Dokumentasi Sejarah Nasionalc1984 aiv, 140 hlmc21 cm aBibliografi : hlm. 139-140 aBengkuluxSejarah aLapian, A.B aSyafei, Suwaji aYOPDYOG(B) a10-10-2006 a1 aA000000358